Atlas of Cardiac imaging / (Record no. 1849)
[ view plain ]
| 000 -LEADER | |
|---|---|
| fixed length control field | 00650nam a22002057a 4500 |
| 003 - CONTROL NUMBER IDENTIFIER | |
| control field | OSt |
| 005 - DATE AND TIME OF LATEST TRANSACTION | |
| control field | 20150522172956.0 |
| 008 - FIXED-LENGTH DATA ELEMENTS--GENERAL INFORMATION | |
| fixed length control field | 150522b xxu||||| |||| 00| 0 eng d |
| 020 ## - INTERNATIONAL STANDARD BOOK NUMBER | |
| International Standard Book Number | 0443075670 |
| 040 ## - CATALOGING SOURCE | |
| Transcribing agency | DLC |
| 082 ## - DEWEY DECIMAL CLASSIFICATION NUMBER | |
| Classification number | WG 17 A65r 1998 |
| 245 ## - TITLE STATEMENT | |
| Title | Atlas of Cardiac imaging / |
| Statement of responsibility, etc. | Editor: Richard T Lee, Eugene Braunwald |
| 260 ## - PUBLICATION, DISTRIBUTION, ETC. (IMPRINT) | |
| Place of publication, distribution, etc. | Philadelphia: |
| Name of publisher, distributor, etc. | Churchill Livingstone; |
| Date of publication, distribution, etc. | 1998. |
| 300 ## - PHYSICAL DESCRIPTION | |
| Extent | x,different numbering: |
| Other physical details | col.ill; |
| Dimensions | 29 cm |
| 504 ## - BIBLIOGRAPHY, ETC. NOTE | |
| Bibliography, etc | Includes bibliographical references and index |
| 650 ## - SUBJECT ADDED ENTRY--TOPICAL TERM | |
| Topical term or geographic name as entry element | Cardiac Imaging |
| 9 (RLIN) | 4857 |
| 700 ## - ADDED ENTRY--PERSONAL NAME | |
| Relator code | Editor |
| Personal name | Lee Richard T |
| 9 (RLIN) | 4858 |
| 700 ## - ADDED ENTRY--PERSONAL NAME | |
| Relator code | Editor |
| Personal name | Braunwald Eugene |
| 9 (RLIN) | 4859 |
| 942 ## - ADDED ENTRY ELEMENTS (KOHA) | |
| Source of classification or shelving scheme | Other/Generic Classification Scheme |
| Koha item type | Short Loan |
| Withdrawn status | Lost status | Source of classification or shelving scheme | Damaged status | Not for loan | Home library | Current library | Date acquired | Source of acquisition | Inventory number | Total Checkouts | Full call number | Barcode | Date last seen | Price effective from | Koha item type |
|---|---|---|---|---|---|---|---|---|---|---|---|---|---|---|---|
| Other/Generic Classification Scheme | MUST Main Library | MUST Main Library | 22/05/2015 | 2006/27372 | WG 17 A65r 1998 | 2015-1557 | 22/05/2015 | 22/05/2015 | Short Loan |
